| 000 | 01212nam a22001937a 4500 | ||
|---|---|---|---|
| 003 | JO-AjAnu | ||
| 005 | 20240605121944.0 | ||
| 008 | 240406b jo ||||| |||| 00| 0 ara d | ||
| 040 |
_aJO-AjAnu _bara _cJO-AjAnu |
||
| 041 | _aara | ||
| 100 | 1 |
_aالقاضي، داليه عبدالفتاح محمود _eمعد _965325 |
|
| 245 | 1 | 0 |
_aأثر استخدام تقنيات المعلومات في الحد من عدم تماثل المعلومات المحاسبية في الشركات الصناعية المدرجة في بورصة عمان = The Impact of use Information Technologies in Reducing the Asymmetry of Accounting Information in Industrial Companies Listed on Amman Stock Exchange / _cاعداد دالية عبدالفتاح محمود القاضي ؛ اشراف ليث عبدالله العريان |
| 260 | _c2023 | ||
| 300 | _a91 ورقة | ||
| 500 | _aرسالة جامعية ( رسالة ماجستير في المحاسبة) - جامعة عجلون الوطنية ( عجلون، الاردن)، كلية الاعمال، 2023. | ||
| 650 | 7 | 0 |
_aالشركات الصناعية - محاسبة _965326 |
| 700 | 1 |
_aالعريان، ليث عبدالله _965104 _eمشرف |
|
| 942 |
_2lcc _cTHS _n0 |
||
| 999 |
_c33437 _d33437 |
||